[Event "Battle of Alberta 2015"]
[Site "Red Deer"]
[Date "2015.09.12"]
[Round "1"]
[White "Banerjee, Bitan"]
[Black "Ng, Gary"]
[Result "1-0"]
[WhiteElo "2312"]
[BlackElo "2301"]
[Annotator "Alex Yam"]
[PlyCount "63"]
[EventDate "2015.09.12"]
[EventType "team"]
[EventRounds "2"]
[EventCountry "CAN"]
[SourceTitle "Chess Canada - Ketchup 1"]
[SourceDate "2017.03.23"]

1. d4 Nf6 2. c4 e6 3. Nf3 b6 4. g3 Ba6 5. Qc2 d5 6. Nbd2 Be7 7. Bg2 O-O 8. O-O
c5 9. Rd1 Nc6 10. Qa4 $5 {Diagram [#] Although contemporary opening analysis
overturned most of the classical advice, there is still some truth to "avoid
making too many queen moves in the opening".} Qc8 11. dxc5 dxc4 12. b4 b5 13.
Qa3 $15 {Diagram [#]} {Black should better exploit the fact that White can't
defend his b pawn with the a pawn with 13...Bb7! and then 14...a5, undermining
the b4-c5 pawn chain.} Nd5 14. Ne1 $2 ({White can't hold on to his b-pawn:} 14.
Rb1 Ndxb4 15. Rxb4 Bxc5 $19) (14. Ne4 {This move fits more with the spirit of
his position. A retreating move is rarely a good idea in a double-edged
position.}) 14... Ndxb4 $2 (14... Bf6 15. Ne4 $1 ({editor -} 15. Rb1 $142)
15... Bxa1 16. Nd6 Qd7 17. Qxa6 Ncxb4 18. Qa3 $13 {editor -} a5 $17) (14...
Ncxb4 $1 {Black was probably afraid of the move} 15. e4 {but Black wins with:}
(15. Bb2 Qxc5 $19) 15... Bxc5 16. exd5 $2 (16. Qf3 Nb6 $19) 16... Nd3 17. Qc3
Nxf2 $19) 15. Ne4 Nd5 {Now Black had to waste time moving his knight back and
forth, allowing counterplay.} 16. Bf4 Nxf4 {Diagram [#] I am not a big fan of
this move as it opens the long diagonal and the d-file but White is
threatening to play Bd6.} 17. gxf4 b4 18. Qa4 $2 {Much stronger is 18.Qe3 or
18.Qf3.} Rb8 $8 19. Nd6 Bxd6 20. cxd6 Bb5 21. Qc2 {Diagram [#]} c3 $2 {Now
Black's queenside lost some of its dynamic. Better try is either ...Rd8
dealing with the strong d6 pawn or activate his passer with ...b3.} 22. Nf3 Qa6
23. Ng5 g6 24. Qe4 {Diagram [#] With Black's pieces stuck on the queenside,
it's logical for White to play on the kingside.} Bxe2 $2 {Black should not
tolerate the knight on g5, generating attacking chances against e6, f7 and h7.
Ideally, White's knight belongs on the e4 square. This was the perfect
opportunity to drive it back out of play on h3 or block the bishop on f3.
Having said that, I totally understand why Gary didn't want to weaken his
kingside pawn structure with ...h6.} (24... h6 25. Nxe6 Rbe8 26. Bh3 Nd8 27. f5
fxe6 28. fxe6 Nxe6 $1 29. Bxe6+ Kh7 30. Qd5 Bxe2 31. Re1 Qb5 32. Qxb5 Bxb5 33.
Rad1 Rd8 $15 {editor - Black is almost winning here -- after ...Rfe8 and
bringing the K to f6 White's d-pawn can't survive.}) 25. Re1 {This position
illustrates some ideas behind playing position with material imbalance that is
worthy of a diagram: Diagram [#]} Bb5 $2 {Such a natural move to make. Gary
probably played this move without much thought.} ({To be fair to Gary, this is
a move that even most GMs can miss.} 25... Bc4 $3 {This move accomplishes so
many things at the same time:  1) safeguard the a2-g8 diagonal  2) completely
killing off White's attacking ambition  3) eliminating the dangerous d6 pawn 
4) threatening to play ...Bd5  5) going into the endgame with 3-1 queenside
majority while laughing at white's broken kingside pawns.  This is a bargain
in a position with two pawns for a piece!} 26. Qxc6 Qxc6 27. Bxc6 Rb6 28. Ba4
Rxd6 $17 {White would have a long defensive task ahead of him with little
counterplay and pawn break.}) 26. f5 $1 exf5 $8 27. Qh4 h5 28. Bd5 $13 Nd8 $2 {
28...Kg7 or 28...Rb7 was a better try to defend the second rank or keep the
queen out of the f6 square.} (28... Kg7 29. Nxf7 $1 Rxf7 30. Bxf7 Kxf7 31. Re7+
Nxe7 32. Qxe7+ Kg8 33. Qe6+ Kh7 34. Qe7+ Kg8 35. Qe6+ $11) 29. Nxf7 {Diagram 
[#]Critical Position} Nxf7 $4 {The losing mistake. When defending against
attack on one's king, it is very important to take your time and carefully
think over each alternative because you never know when one bad move can
completely destroy your position, as in this case.} ({Black could seek
salvation with this move, although the variation is almost impossible to find
over the board.} 29... Rxf7 $8 30. Qf6 (30. Qe7 $4 Bc4 $19) 30... Be2 $8 {
preventing Re7.} 31. Qxg6+ Kf8 32. Kh1 $8 Qd3 33. Qh6+ Kg8 ({editor -} 33...
Ke8 $142 $11) 34. Qg6+ ({editor -} 34. Rg1+ $142 Bg4 35. Bb3 $36) 34... Kf8 $11
) 30. Qf6 Rb6 31. Re7 Be8 32. Rxe8 {White played lots of positionally suspect
moves during the game and yet won the game by constantly posing his opponent
problems to solve and set as many obstacles as possible for White to convert
his advantage. Overall, Bitan still played pretty well in this game.} 1-0

[Event "Battle of Alberta 2015"]
[Site "Red Deer"]
[Date "2015.09.12"]
[Round "1"]
[White "Matras-Clement, Agnieszka"]
[Black "Haessel, Dale"]
[Result "0-1"]
[WhiteElo "2246"]
[BlackElo "2294"]
[Annotator "Alex Yam"]
[PlyCount "70"]
[EventDate "2015.09.12"]
[EventType "team"]
[EventRounds "2"]
[EventCountry "CAN"]
[SourceTitle "Chess Canada - Ketchup 1"]
[SourceDate "2017.03.23"]

1. e4 e5 2. Nf3 Nc6 3. Bb5 Nf6 4. Qe2 {4. d3 is a much more common move.} Bc5
5. c3 O-O 6. O-O d6 {Diagram [#]} 7. h3 {My database indicates that
higher-rated players prefer either 7.Rd1 or 7.d3. I am not a strong advocate
for 7.h3 because 7... Bg4 is not a real threat and it seems an unncessary
waste of time and weakening of the kingside.} (7. Rd1 Re8 8. d3 a6 9. Bxc6 bxc6
10. Nbd2 a5 11. Nc4 h6 12. Nxa5 Rxa5 13. b4 Bxb4 14. cxb4 Ra4 15. a3 Bd7 16.
Nd2 Qa8 17. Bb2 Qa7 18. Rdc1 Rb8 19. Rc2 Bg4 20. Qe1 Nh5 21. g3 Bd7 22. Qe2 Nf6
$11 {(0-1, 52) Milos,G (2574)-Kasparov,G (2838) Prague, 2002.}) 7... Bb6 8. d3
({Considering that White never got anything going during the game, White
should start some queenside operation with this move.} 8. a4 a6 9. Bxc6 bxc6
10. a5 Ba7) 8... Ne7 9. Be3 Ng6 10. Nbd2 c6 11. Ba4 Nh5 {Diagram [#] White
developed as in the variations without Qe2. Mixing different opening systems
together is usually not a good idea. Black already stood better with better
pieces cordination.} 12. Rfe1 Nhf4 13. Qf1 f5 14. Bb3+ Kh8 {Diagram [#]} 15.
Kh2 $2 {For better or for worse, White should play 15.Bxb6. What ended up
happening in the game was that Black traded off one of his knights for White's
important dark-square bishop with a mini-combination. Kh2 just put the king
into the firing line of Black's pieces.} Bc7 16. Ng1 Nxg2 17. Qxg2 f4 18. Ndf3
fxe3 19. fxe3 Qe7 {Diagram [#]} 20. Ng5 $2 {A further waste of time. The idea
is to weaken the defense of the g6 knight. White should play Rf1 and either
plan to trade off rooks or add an attacker to the f7 square.} h6 21. N5f3 Rf6
22. Ne2 Bd7 23. Ng3 $2 {The a1 rook is collecting dust. White should play Rg1
and put the other rook to f1 rather than improving the e2 knight.} Raf8 24. Rf1
d5 {Diagram [#]} 25. exd5 $4 {I understand the need to undouble her e-pawn.
However, she paid dearly for it. As a general rule, defenders do not want to
open up lines. Now the b8-h2 diagonal and the e-file are open. Every black
piece is better than its counterpart. The end is near for White. Much better
is 25.Kh1, stepping out of the potential influence of the c7 bishop.} e4 26.
dxe4 Qxe4 27. Bc2 Qxe3 $2 ({Black had a immediate win with:} 27... Qxf3 $1 28.
Rxf3 Rxf3 29. Bxg6 (29. Rg1 Nh4 $19) 29... Rxg3 30. Qxg3 Rf2+ 31. Kh1 Bxg3 $19)
28. Rae1 Qc5 29. Nd4 Nf4 30. Qe4 g6 {Diagram [#]} 31. Ne6 {I have to give
credit to Clement's fighting spirit. However, it was hard to suggest a move
for her. Lost positions breed bad moves.} Bxe6 32. dxe6 Rxe6 33. Qd4+ Qxd4 34.
cxd4 Rxe1 35. Rxe1 Nh5 {The opening phase is the most important aspect of
chess in the modern era. It is very easy to drift into a passive, defensive
position and playing without a plan with a few early innocent-looking moves,
as illustrated by this game.} 0-1

[Event "Battle of Alberta 2015"]
[Site "Red Deer"]
[Date "2015.09.12"]
[Round "1"]
[White "Pechenkin, Vladimir"]
[Black "Yam, Alex"]
[Result "1/2-1/2"]
[WhiteElo "2379"]
[BlackElo "2386"]
[Annotator "Alex Yam"]
[PlyCount "56"]
[EventDate "2015.09.12"]
[EventType "team"]
[EventRounds "2"]
[EventCountry "CAN"]
[SourceTitle "Chess Canada - Ketchup 1"]
[SourceDate "2017.03.23"]

1. c4 Nf6 2. g3 g6 3. Bg2 Bg7 4. Nc3 O-O 5. d3 e5 6. e4 d6 7. Nge2 Be6 {
Diagram [#] We have entered into Penchenkin's favourite Botvinnik system. The
resulting position is, in my opinion, relatively dry. It calls for slow
strategic maneouvering. This partially explains my mistake on move 13, when I
tried to stir things up with unnecessary complications.} 8. h3 {Delayed
castling system. The usual move is 0-0. I guessed White didn't like the look
of ...Qd7 followed by ...Bh3.} Qd7 9. Be3 Na6 10. Qd2 c6 11. f4 h5 {Diagram [#]
It's either this move or ...Ne8 and then ...f5. Since White still had the
option of queenside castling, I thought the ...f5 break with the potential
opening of the g-file would be very risky for Black.} 12. Rd1 Rfe8 {Better is
12...Nc7. The peudo-active moves like ...Nb4 or ...Nc5 can always be driven
away by white pawns.} 13. b3 b5 $2 {Diagram [#]} 14. cxb5 ({With the potential
exchange sacrifice in mind:} 14. cxb5 cxb5 15. f5 gxf5 16. exf5 Bxf5 17. Bxa8
Rxa8 {With the good bishop and a pawn, pressure against d3 and h3, I thought I
would have good compensation and I didn't look further. Of course, computers
always love to prove how wrong my evaluation of the position. With:} 18. Bh6 $1
{White emphasizes how weak just my kingside is.}) 14... cxb5 15. d4 Qb7 $2 ({
Much better is} 15... b4 $1 {Analysis Diagram [#] I saw this obvious move
during the game and I saw three possible replies to it: 1) d5, 2) Qd3 and 3)
Na4.  For 1), I didn't want to trade my LSB for knight because my LSB
currently prevents White from castling. I didn't even bother analysing the
other two replies, so I saved more energy for calculation later.  My engine
like Black's chances after:} 16. Na4 (16. d5 $2 bxc3 17. Qxc3 Bxd5 18. exd5
exf4 19. Bxf4 g5 $1 20. Qc4 ({editor - the point of ...g5 is} 20. Bxg5 Ne4 21.
Qc1 Nxg3 $19) 20... gxf4 21. Qxa6 fxg3 $19) (16. Qd3 exd4 $1 17. Bxd4 bxc3 18.
Qxa6 c2 19. Rc1 Rac8 20. Qd3 d5 $1 {trying to get the f5 square for my bishop,}
21. Bxf6 Bxf6 22. Rxc2 dxe4 23. Qxd7 Bxd7 24. Rxc8 Bxc8 $15) 16... Qb7 {
is much stronger than in the game because not only does Black threaten to take
on e4 but also to open up the the e-file through multiple pawn exchanges.} 17.
dxe5 Nxe4 18. g4 dxe5 19. Qd3 f5 20. fxe5 hxg4 21. hxg4 Bxe5 22. gxf5 Bxf5 23.
Qc4+ Qf7 $1 24. Qxa6 Bg3+ 25. Nxg3 Nxg3 26. Bxa8 Rxe3+ 27. Kf2 Bc8+ 28. Kxe3
Qe8+ 29. Kf3 Bxa6 30. Bd5+ Kg7 31. Kxg3 Qe5+ 32. Kg2 Qe2+ 33. Kg3 $11) 16. fxe5
dxe5 17. d5 $2 {Diagram [#] It looks visually appealing to create a protected
passed pawn with gain of tempo. However, as it turns out the e5 pawn is taking
away diagonal and squares from the e2 knight and g2 bishop. Much better is
dxe5!. At the cost of slight weakening of White's pawn structure, White
released all the energy from its minor pieces.} Bd7 18. O-O b4 19. Na4 {
White must accept the weakening of its queenside. The plan Nb1 with the
eventual idea of reaching for the c4 square is way too slow.} Bxa4 20. bxa4 {
Diagram [#]} Rac8 ({Here I had to debate which rook to the c-file. I thought
that once Black committed the e rook, pushing the d pawn would be a good plan
for White. I decided on moving the a-rook just so that the other rook can
block the d pawn in case of d6.} 20... Rec8 21. a3 Rab8 22. axb4 Nxb4 23. Rc1
a5 $14 {I saw something like this in the game and I rejected it because with
each exchange the protected d-passer becomes stronger and stronger.}) 21. Rb1
Qd7 22. Rfc1 Qxa4 23. Bxa7 Bf8 24. Be3 {Diagram [#]} Bd6 $2 ({Black could have
equalized right away with:} 24... Bc5 25. Bxc5 Nxc5 26. Rxb4 Ncxe4 $1) 25. Kh2
Nd7 26. Rb2 Rxc1 27. Nxc1 Rc8 28. Nb3 {Diagram [#]} Rc7 {Here I offered a draw
and my opponent immediately accepted. I assessed this position as slightly
worse for Black because I just didn't see how I could either improve the
position of my pieces further or break into White's position. At the same time,
I still had to deal with the d passer and white's bishop pair. Overall, I was
glad to draw in this game. As you can read from the above analysis, at no
point in the game was Black actually better; Black actually had to play a few
accurate moves just to keep the balance. Psychologically, this was not a good
feeling which partially explained my loss in the next round.} ({Stronger is} 
28... Rc3 29. Rc2 Nac5 30. Rxc3 bxc3 31. Qxc3 Nxe4 32. Qc8+ Nf8 $11) 1/2-1/2

[Event "World Under 16 Chess Olympiad 2015"]
[Site "Ulaan Bataar"]
[Date "2015.08.26"]
[Round "8.1"]
[White "Vokhidov, Shamsiddin"]
[Black "Yu, Zong Yang"]
[Result "0-1"]
[WhiteElo "2367"]
[BlackElo "2230"]
[Annotator "Michael Kleinman"]
[PlyCount "54"]
[EventDate "2015.08.20"]
[EventRounds "10"]
[EventCountry "MGL"]
[SourceTitle "Chess Canada - Ketchup 1"]
[SourceDate "2017.03.23"]
[WhiteTeam "Uzbekistan"]
[BlackTeam "Canada"]
[WhiteTeamCountry "UZB"]
[BlackTeamCountry "CAN"]

{http://chess.ca/newsfeed/node/653  This week I chose to annotate a game
played at the recently concluded U16 Olympiad. It features Zong Yang Yu,
Canada's first board, playing a higher-rated opponent with the black pieces.
He chooses a positional sub-variation of the Dragon and proceeds to outplay
his opponent quite convincly, constantly putting his pieces on better squares
than his opponent. Enjoy.} 1. e4 c5 2. Nf3 d6 3. d4 cxd4 4. Nxd4 Nf6 5. Nc3 g6
6. Be3 Bg7 7. f3 a6 {Diagram [#] Black opts for a 'Dragadorf' setup which
allows for more flexibility than the concrete dragon variations.} 8. Qd2 (8.
Bc4 Nbd7 9. Qd2 b5 10. Bb3 Bb7 11. Bh6 (11. O-O-O Nc5 12. Bh6) 11... Bxh6 12.
Qxh6 Qb6 13. O-O-O) 8... Nbd7 {Note that in all standard Dragon variations,
the Knight goes to c6 instead of d7.} 9. Bh6 (9. O-O-O b5 10. g4 Bb7 11. a3 Nb6
12. Bh6 Bxh6 13. Qxh6 Qc7 14. h4) 9... Bxh6 10. Qxh6 b5 {Diagram [#]
Personally, I like developping the f1 bishop to b3 against this Dragadorf
setup because it protects the king against potential exchange sacrifices on c3
and always hits the f7 square.} 11. O-O-O Bb7 12. Kb1 Rc8 13. h4 Rxc3 14. bxc3
{Diagram [#] This exchange sacrifice is extremely typical in Dragons as it
offers lasting compensation due to the double isolated pawns and the weakened
White king.} Qc7 15. h5 Rg8 16. hxg6 hxg6 {Diagram [#]} 17. c4 (17. Qe3 {
keeping the pawn makes more sense} d5 18. e5 Qxe5 (18... Nxe5 19. Re1 Nc4 20.
Bxc4 dxc4 $14) 19. Qxe5 Nxe5 $14) 17... bxc4 18. c3 e5 19. Nc2 g5 $1 {Cutting
off the White queen} 20. Ka1 Qa5 {Diagram [#]} 21. Rxd6 $4 (21. Kb2 $8 Ke7 22.
Bxc4 Rc8 23. Na3 Rxc4 24. Nxc4 Qb5+ 25. Ka1 Qxc4 $15) 21... Qxc3+ 22. Kb1 Ke7
$1 {Now the Black rook will swing to b8. White's king is just too weak.} 23.
Rxd7+ Nxd7 24. Kc1 Rg6 $1 25. Qh5 Nc5 26. Be2 Nd3+ 27. Kd1 Nf4 0-1

[Event "Montreal op"]
[Site "Montreal"]
[Date "2015.08.26"]
[Round "3.3"]
[White "Chiku-Ratte, Olivier-Kenta"]
[Black "Roussel-Roozmon, Thomas"]
[Result "1-0"]
[WhiteElo "2369"]
[BlackElo "2466"]
[Annotator "Keith MacKinnon"]
[PlyCount "89"]
[EventDate "2015.09.12"]
[EventRounds "5"]
[EventCountry "CAN"]
[SourceTitle "Chess Canada - Ketchup 1"]
[SourceDate "2017.03.23"]

{http://chess.ca/newsfeed/node/663  Olivier-Kenta has made big gains in his
chess recently, and he tied for second at this year's Montreal Open this past
weekend behind GM Sambuev. A key game on his way to 4/5 was his nice third
round win again GM Roussel-Roozmon. After an offbeat opening that resembled a
Queen's Indian, he sacrificed a pawn for positional compensation and managed
to take home the full point. Have a look!} 1. d4 e6 2. c4 b6 3. Nf3 Bb7 4. g3
Bb4+ (4... Nf6 {leads us back to the main lines of the Queen's Indian.}) 5. Bd2
{Diagram [#]} Bxd2+ (5... Bxf3 6. exf3 Bxd2+ 7. Qxd2 (7. Nxd2 Ne7) 7... d5 {
The position is unbalanced, but Black should be doing well.}) 6. Qxd2 f5 $5 (
6... Nf6 7. Bg2 O-O 8. O-O) 7. Bg2 Nf6 8. O-O O-O 9. Nc3 {Diagram [#]} Ne4 {
GM Roozmon probably wanted to avoid complications after:} (9... Qe7 10. d5 $1)
10. Qc2 Nxc3 11. Qxc3 Be4 (11... d6 12. Rfd1 Nd7 {heading for f6 to control e4,
but White has other plans} 13. Ng5 Qxg5 14. Bxb7 Rad8 $11) 12. Rfd1 Qf6 (12...
d6 13. Ne1 Bxg2 14. Nxg2 $11) 13. Rac1 d6 {Diagram [#]} 14. c5 $1 Qe7 ({
White ends up slightly better in the following} 14... dxc5 15. dxc5 Qxc3 16.
Rxc3 Na6 17. Ne5 Bxg2 18. Kxg2 Rad8 19. Rxd8 Rxd8 20. cxb6 (20. Ra3 Nxc5 21.
Rxa7 $14) 20... axb6 21. Rc6) 15. cxd6 cxd6 16. d5 $5 (16. Nd2 Bxg2 17. Kxg2 {
because of White's dominance on the c-file, he has a clear advantage.}) 16...
exd5 ({It was probably better to decline the pawn sac:} 16... e5 17. Bh3 Bxf3
18. Qxf3 e4 19. Qc3 Na6) {Diagram[#]} 17. Nd4 {The next few moves were well
played by both sides.} (17. Bh3 $16 {maybe even better, to be keep the Bishops
on board with the idea of putting the Knight on d4 quickly. The Black Bishop
could even get into trouble as f2-f3 will become a threat.} f4 18. Nd4 fxg3 19.
hxg3 Na6 20. f3 Bg6 21. Be6+ Kh8 (21... Bf7 $2 22. Nf5 $18) 22. Bxd5 $16) 17...
Bxg2 18. Kxg2 Nd7 19. Qc7 f4 20. Qb7 fxg3 21. Qxd5+ Qf7 22. Qxf7+ Rxf7 23. hxg3
{Diagram [#]} Nf6 (23... Re8 {and Black has a long road ahead of him to get a
draw, but it should be possible.}) 24. Rc6 $6 (24. f3 {keeping the Knight out
of g4 and e4. The hole on e3 won't be so serious} Nd5 25. Rd3) 24... d5 (24...
Ng4 $1 25. Nf3 Re8 26. Rc2 (26. e3 $4 Rxf3 $19) 26... Rfe7 {Black is fighting
on.}) 25. Rdc1 Rd7 26. f3 h5 27. a4 Kf7 28. f4 $2 (28. b4 {looks like a good
alternative; f4 was very committal.}) 28... Re8 29. Kf3 {Diagram [#]} g6 (29...
Re4 $142 $1 $11 30. e3 $140 Ng4 31. Nf5 Rb4 $132) 30. Rc7 $1 Rde7 $2 {The
reason this is a mistake is because White gets an extra tempo in getting his
Knight to e5.} (30... Ree7 $142 31. Rxd7 Rxd7 32. Rc8 $14 {and White has ideas
like Nc6-e5.}) 31. Rxe7+ Rxe7 32. Nc6 Re4 33. Ne5+ {Diagram [#]} Kg8 (33... Ke8
34. Rc8+ Ke7 35. Rc7+ Ke8 36. Rxa7 Ng4 37. Nxg4 hxg4+ 38. Kf2 $1 $16 (38. Kxg4
Rxe2 39. Rb7 Re6 {Black should be able to draw with best play in this rook
endgame.}) 38... Rb4 39. Rg7 Rxb2 40. Rxg6 d4 41. Ke1 $1 $18) 34. Rc8+ Kg7 35.
Rc7+ Kg8 36. Nxg6 (36. Rxa7 Rb4 37. Rb7 $16) 36... Rxa4 37. f5 Rb4 (37... a5
38. Rc6 Ng4 39. Rxb6 $16) 38. Rxa7 {Diagram [#]} Rxb2 $2 {There weren't many
good choices, but this looks like it loses by force.} 39. Kf4 $1 Rxe2 (39...
Ne4 40. Ne7+ Kf8 41. e3 $18) 40. Kg5 $18 Ng4 (40... Ne4+ 41. Kh6 {and Rg7#.})
41. f6 Nxf6 42. Kxf6 Rf2+ 43. Kg5 Rf7 (43... Re2 44. Kh6 {mate next.}) 44. Rxf7
Kxf7 45. Kxh5 {By getting in front of one pawn the White N can stop them both.}
1-0